Phân tích tài chính doanh nghiệp
Tallennettuna:
| Päätekijä: | |
|---|---|
| Aineistotyyppi: | Kirja |
| Kieli: | Undetermined |
| Julkaistu: |
Tp. HCM
Tổng Hợp
2005
|
| Aiheet: | |
| Tagit: |
Lisää tagi
Ei tageja, Lisää ensimmäinen tagi!
|
| Thư viện lưu trữ: | Trung tâm Học liệu Trường Đại học Cần Thơ |
|---|
| LEADER | 00484nam a2200181Ia 4500 | ||
|---|---|---|---|
| 001 | CTU_74926 | ||
| 008 | 210402s9999 xx 000 0 und d | ||
| 020 | |b 36000 | ||
| 082 | |a 332 | ||
| 082 | |b P511 | ||
| 100 | |a Josette Peyrard | ||
| 245 | 0 | |a Phân tích tài chính doanh nghiệp | |
| 245 | 0 | |c Josette Peyrard | |
| 260 | |a Tp. HCM | ||
| 260 | |b Tổng Hợp | ||
| 260 | |c 2005 | ||
| 650 | |a ccounting,finance | ||
| 980 | |a Trung tâm Học liệu Trường Đại học Cần Thơ | ||